000 00592nam a22001815i 4500
001 171659
003 ES-MaACL
005 20230906214706.0
008 090525s1972 sp |||| | spa d
080 _a251.4
100 1 _aSolé Romá, José María.
_9140320
245 1 0 _aMinistros de la palabra
_b: (Act, 5, 4): homilía de los tres ciclos /
_cJosé María Solé Romá ; prólogo de José Bach.
260 _aMadrid :
_bStudium,
_c[1972]
300 _a3 v. ;
_c19 cm.
650 1 4 _aPredicación.
_916342
700 1 _aBasch, José.
_9140321
852 _aES-MaACL
_jC-51204-06
_9R.83834
999 _c171659
_d171659